| 000 | 00887nam a2200229 a 4500 | ||
|---|---|---|---|
| 005 | 20251205064009.0 | ||
| 008 | 030708s2000 mx r 000 0 spa d | ||
| 020 | _a9688534609 | ||
| 035 | _aUPN01000127370 | ||
| 049 | _aI | ||
| 050 | 4 |
_aGV452 A2.7 _bN.5 |
|
| 100 | 1 |
_aCapon, Jack J., _d1931-1999 _933044 |
|
| 245 | 1 | 0 |
_aActividades con cubiertas de neumáticos y paracaídas / _cpor Jarck J. Capon ; tr. Jorge N. Solomonoff. |
| 260 |
_aMéxico : _bPaidós, _c2000. |
||
| 300 |
_a31 p. : _bil. |
||
| 440 | 0 |
_aActividades motrices para la escuela primaria. _pSerie de desarrollo perceptivo-motor ; _v5 |
|
| 440 | 0 |
_aBiblioteca de educación física. _pSección gimnasia ; _v10 |
|
| 534 |
_pTraducción de: _tPerceptual motor development series : book V : tire, parachute activities |
||
| 650 | 4 |
_aAprendizaje perceptivo-motor _9467 |
|
| 650 | 4 |
_aAPTITUD MOTORA _97633 |
|
| 905 | _aInfantil | ||
| 999 |
_c99549 _d99549 |
||